Football Players by club #2 - Statistics

General Stats
  • This quiz has been taken 34 times
  • The average score is 13 of 15
Answer Stats
Hint Answer % Correct
Emiliano Martínez Aston villa
100%
Serge Gnabry Bayern munich
100%
Antoine Griezmann Atletico madrid
97%
Martin Ødegaard Arsenal
94%
Alexis Mac Allister Liverpool
94%
Romelu Lukaku Roma
94%
Nicolas Jackson Chelsea
90%
Hakan Çalhanoğlu Inter milan
90%
Pau Cubarsí Barcelona
87%
Marco Reus Dortmund
87%
Arda Güler Real madrid
87%
Victor Boniface Leverkusen
84%
Julián Álvarez Man city
81%
Bruno Fernandes Man united
81%
Theo Hernández Milan
81%
No matching quizzes found
Score Distribution
Percent of People with Each Score
Percentile by Number Answered
Your Score History
You have not taken this quiz